| 000 | 00779nam a22002417a 4500 | ||
|---|---|---|---|
| 999 |
_c16359 _d16359 |
||
| 003 | AR-CdUCM | ||
| 008 | 190502b ||||| |||| 00| 0 spa d | ||
| 040 |
_aMUNICIPALIDAD PROVINCIAL DEL CUSCO _cBIBLIOTECA MUNICIPAL DEL CUSCO |
||
| 082 |
_a985 / _bES88 |
||
| 100 |
_aEspinoza, Waldemar _916830 |
||
| 245 | _aPedro Cieza de León, Pedro Sarmiento de Gamboa / | ||
| 260 |
_aLima : _c1964. |
||
| 300 |
_a159 páginas ; _c20 cm. |
||
| 440 |
_aSegunda serie _916781 |
||
| 505 | _aContenido: Pedro Cieza de Leon -- La obra de Pedro Cieza de Leon. | ||
| 650 |
_aHistoria _9136 |
||
| 650 |
_aÉpoca Prehispánica _92714 |
||
| 650 |
_aPerú _935 |
||
| 650 |
_aLiteratura cronistica _935757 |
||
| 700 |
_aAranibar, Carlos _98677 |
||
| 942 |
_2ddc _cLIBROS |
||
| 945 |
_awnts _d2019-05-3 |
||